000 01144nam a2200313 i 4500
003 EG-GICUC
005 20260406211129.0
008 260104s2004 ua |||f |||| 00| 0 Ara d
040 _a EG-GICUC
_bara
_c EG-GICUC
_d EG-GICUC
_erda
041 1 _aAra
082 0 4 _221
_a251
_bأ ح . أ
092 0 4 _221
099 _aLaw1 01 251 أ ح . أ 2004
100 0 _aأحمد النجدى زهو
_eمؤلف.
245 1 0 _aأصول الفقه الإسلامى /
_cتأليف الدكتور أحمد النجدى زهو .
264 2 _aجامعة القاهرة :
_bدار النصر للنشر والتوزيع،
_c2004.
300 _a416 صفحة؛
_c24 سم.
336 _2rda content
_atext
337 _2rda media
_aComputer
338 _2rda carrier
_aOnline Resource
504 _aتشتمل على إرجاعات ببليوجرافية
546 _aالنص باللغة العربية
650 1 _aالفقه الإسلامى
_2qrmak
650 1 _aالشريعة الإسلامية
_2qrmak
651 1 _2qrmak
856 4 0 _uhttps://fll.law.cu.edu.eg/fulltext/bks/B01-04907.pdf
905 _a54
_eYara
942 _2ddc
_cBK
_e21
_n0
999 _c54422
_d54422